Personnalités politiques plusieurs fois ministres 2 - Statistiques

Statistiques générales
  • Ce quiz a été pris 201 fois
  • Le résultat moyen est 9 sur 20
Statistiques - réponses
Ministre Ministères % Correct
François Fillon Enseignement supérieur (1993-1995) Technologies de l'information (1995) Affaires sociales (2002-2004) Éducation nationale (2004-2005) Premier Ministre (2007-2012)
84%
Roselyne Bachelot Écologie (2002-2004) Santé & Sports (2007-2010) Affaires sociales (2010-2012) Culture (2020-2022)
79%
Jean-Marc Ayrault Premier Ministre (2012-2014) Affaires étrangères (2016-2017)
72%
Édouard Balladur Économie (1986-1988) Premier Ministre (1993-1995)
70%
Élisabeth Borne Écologie (2019-2020) Travail (2020-2022) Première Ministre (2022-2024) Éducation nationale, Enseignement supérieur & Recherche (2024-2025)
70%
Pierre Bérégovoy Affaires sociales (1982-1984) Économie (1984-1986) Économie (1988-1992) Premier Ministre (1992-1993)
65%
Jack Lang Culture (1981-1986) Culture (1988-1992) Éducation nationale & Culture (1992-1993) Éducation nationale (2000-2002)
63%
Michel Rocard Aménagement du territoire (1981-1983) Agriculture (1983-1985) Premier Ministre (1988-1991)
60%
Raymond Barre Commerce extérieur (1976) Économie (1976-1978) Premier Ministre (1976-1981)
58%
Michel Debré Justice (1958-1959) Premier Ministre (1959-1962) Économie (1966-1968) Affaires étrangères (1968-1969) Défense (1969-1973)
56%
Pierre Messmer Défense (1960-1969) Outre-mer (1971-1972) Premier Ministre (1972-1974)
46%
Michel Barnier Écologie (1993-1995) Affaires étrangères (2004-2005) Agriculture (2007-2009) Premier Ministre (2024)
33%
Xavier Bertrand Santé (2005-2007) Travail (2007-2009) Travail & Santé (2010-2012)
29%
Philippe Douste-Blazy Culture (1995-1997) Santé (2004-2005) Affaires étrangères (2005-2007)
25%
Jacques Toubon Culture (1993-1995) Justice (1995-1997)
24%
Dominique Strauss-Kahn Industrie (1991-1993) Économie (1997-1999)
22%
Pierre Joxe Industrie (1981) Intérieur (1984-1986) Intérieur (1988-1991) Défense (1991-1993)
21%
Daniel Vaillant Relations avec le Parlement (1997-2000) Intérieur (2000-2002)
19%
Marylise Lebranchu Justice (2000-2002) Fonction publique (2012-2016)
16%
Dominique Perben Outre-mer (1993-1995) Fonction publique (1995-1997) Justice (2002-2005) Transports (2005-2007)
15%
Aucun quiz correspondant
Distribution des résultats
% des personnes avec chaque résultat
Percentile par nombre de réponses
Votre historique - résultats
Vous n’avez pas pris ce quiz